| 000 | 00000nam##2200000za#4500 |
| 001 | 9.647935 |
| 003 | CaOODSP |
| 005 | 20211013112716 |
| 007 | ta |
| 008 | 150407|2001||||xxc||||| f|0| 0 eng|d |
| 020 | |a0-662-29571-4 |
| 040 | |aCaOODSP|beng |
| 043 | |an-cn--- |
| 086 | 1 |aEn40-610/2000E |
| 110 | 1 |aCanada. |bNational Office of Pollution Prevention. |
| 245 | 10|aGuidelines for the implementation of the pollution prevention planning provisions of Part 4 of the Canadian Environmental Protection Act, 1999 (CEPA 1999) |
| 260 | |aOttawa - Ontario : |bEnvironment Canada. |c2001. |
| 300 | |a42p. in various pagings. ; |c28 cm. |
| 500 | |aCanadian Cataloguing in Publication data printed on this publication. "Part 4 of the Canadian Environmental Protection Act, 1999 (CEPA 1999) gives the Minister of the Environment the authority to require the preparation and implementation of pollution prevention plans (P2 plans) for CEPA-toxic substances (substances that have been added to Schedule 1 of CEPA)."--Preface. |
| 520 | 3 |aPart 4 of the Canadian Environmental Protection Act, 1999 (CEPA 1999) gives the Minister of the Environment the authority to require the preparation and implementation of pollution prevention plans (P2 plans) for CEPA-toxic substances (substances that have been added to Schedule 1 of CEPA).--Preface |
| 563 | |aSoftcover |
| 590 | |a01-09|b2001-03-02 |
| 690 | 07|aEnvironmental law|2gcpds |
| 690 | 07|aToxic substances|2gcpds |
| 690 | 07|aEnvironmental protection|2gcpds |
| 690 | 07|aPollution control|2gcpds |
| 775 | 08|tDirectives pour la mise en oeuvre des dispositions relatives aux plans de prévention de la pollution de la partie 4 de la Loi canadienne sur la protection de l'environnement, 1999 (LCPE 1999) |w(CaOODSP)9.681318 |
| 776 | 0#|tGuidelines for the implementation of the pollution prevention planning provisions of Part 4 of the Canadian Environmental Protection Act, 1999 (CEPA 1999) |w(CaOODSP)9.696168 |